[Event "MGL-ch (Women)"]
[Site "Ulaanbaatar"]
[Date "2002.04.11"]
[Round "10"]
[White "Tungalag, Nyamaa"]
[Black "Battsengel, Shirchin"]
[Result "1/2-1/2"]
[WhiteElo "2085"]
[BlackElo "2025"]
[PlyCount "83"]
[EventDate "2002.04.01"]
[EventType "tourn"]
[EventRounds "11"]
[EventCountry "MGL"]
[SourceTitle "EXT 2003"]
[Source "ChessBase"]
[SourceDate "2002.11.25"]
[SourceVersion "1"]
[SourceVersionDate "2002.11.25"]
[SourceQuality "1"]

1. e4 c6 2. d4 g6 3. Nc3 d6 4. f4 d5 5. e5 h5 6. Nf3 Bg4 7. h3 Bxf3 8. Qxf3 Qb6 9. Qe3 Nh6 10. Bd3 e6 11. Bd2 Nf5 12. Bxf5 gxf5 13. Na4 Qb5 14. b3 Nd7 15. Qe2 h4 16. Qxb5 cxb5 17. Nc3 a6 18. Ne2 Be7 19. a4 b4 20. a5 Rc8 21. Kd1 Nb8 22. c3 Nc6 23. Ra4 bxc3 24. Bxc3 Kd7 25. Rg1 Na7 26. Kd2 Nb5 27. Bb4 Bd8 28. Bc5 Be7 29. b4 Rcg8 30. Ke1 Rg7 31. Kf2 Rhg8 32. Raa1 Bd8 33. Rac1 Na3 34. Rc3 Nc4 35. Rd3 Kc6 36. Kf1 Rg6 37. Kf2 R8g7 38. Kf1 Kd7 39. Kf2 Kc7 40. Kf1 Kd7 41. Kf2 Kc6 42. Kf1 1/2-1/2

[Event "Manila zt 3.2a (Women)"]
[Site "Manila"]
[Date "2001.04.24"]
[Round "1"]
[White "Tungalag, Nyamaa"]
[Black "Hoang, Thanh Trang"]
[Result "0-1"]
[WhiteElo "2131"]
[BlackElo "2465"]
[PlyCount "84"]
[EventDate "2001.04.24"]
[EventType "swiss"]
[EventRounds "9"]
[EventCountry "PHI"]
[SourceTitle "CBM 082 Extra"]
[Source "ChessBase"]
[SourceDate "2001.07.03"]
[SourceVersion "1"]
[SourceVersionDate "2001.07.03"]
[SourceQuality "1"]

1. e4 e6 2. d4 d5 3. Nd2 Nf6 4. e5 Nfd7 5. Bd3 c5 6. c3 Nc6 7. Ne2 cxd4 8. cxd4 f6 9. exf6 Qxf6 10. Nf3 h6 11. Bd2 Bd6 12. 0-0 0-0 13. Bc3 Rd8 14. Bc2 Nf8 15. Ng3 Bd7 16. Re1 Rac8 17. Nh5 Qf7 18. Ne5 Nxe5 19. dxe5 Bc5 20. Qe2 Bb5 21. Qf3 Qxf3 22. gxf3 Bxf2+ 23. Kxf2 d4 24. Rg1 g5 25. Rad1 dxc3 26. bxc3 Rxd1 27. Bxd1 Ng6 28. Nf6+ Kg7 29. Ne4 Bd3 30. Nd6 Rxc3 31. Nxb7 Bc4 32. Re1 Bxa2 33. Nd6 Rc1 34. Nb5 a6 35. Nd4 Nxe5 36. Rxe5 Rxd1 37. Nc6 Kf6 38. Ra5 Bc4 39. Ne5 Rd2+ 40. Kg3 Bb5 41. Ng4+ Kg6 42. Ra1 h5 0-1

[Event "Olympiad Women-31"]
[Site "Moscow"]
[Date "1994.12.04"]
[Round "4"]
[White "Peptan, Corina Isabela"]
[Black "Tungalag, Nyamaa"]
[Result "1-0"]
[WhiteElo "2255"]
[BlackElo "2100"]
[PlyCount "85"]
[EventDate "1994.12.01"]
[EventType "team-swiss"]
[EventRounds "14"]
[EventCountry "RUS"]
[SourceTitle "EXT 2019"]
[Source "ChessBase"]
[SourceDate "2018.10.10"]
[SourceVersion "1"]
[SourceVersionDate "2018.10.10"]
[SourceQuality "1"]
[WhiteTeam "Romania (W)"]
[BlackTeam "Mongolia (W)"]
[WhiteTeamCountry "ROU"]
[BlackTeamCountry "MGL"]

1. e4 e6 2. d4 d5 3. Nd2 Nf6 4. e5 Nfd7 5. c3 c5 6. Bd3 Nc6 7. Ne2 cxd4 8. cxd4 f6 9. exf6 Nxf6 10. Nf3 Bd6 11. 0-0 Qc7 12. Nc3 a6 13. Bg5 0-0 14. Bh4 g6 15. Bg3 Bxg3 16. hxg3 Qg7 17. Qd2 Bd7 18. Rad1 Ng4 19. Bb1 Rf7 20. Na4 Raf8 21. Nc5 Bc8 22. Rfe1 Rxf3 23. gxf3 Rxf3 24. Rf1 b6 25. Nb3 a5 26. Kg2 Rf8 27. Rc1 Bb7 28. Qe2 a4 29. Qxg4 axb3 30. Rxc6 Bxc6 31. Qxe6+ Qf7 32. Qxc6 bxa2 33. Bxa2 Qf3+ 34. Kg1 Rf5 35. Qe6+ Kg7 36. Qe7+ Kh8 37. Qe3 Qg4 38. Re1 Qh3 39. Qe8+ Kg7 40. Re7+ Kh6 41. Qg8 Kg5 42. Rxh7 Qg4 43. Qd8+ 1-0